|
|
|
|
| LEADER |
00000nam0a2200000 4500 |
| 001 |
136465 |
| 005 |
20231101220623.0 |
| 010 |
|
|
|a 9785948290263
|
| 035 |
|
|
|a (RuTPU)RU\TPU\book\147904
|
| 090 |
|
|
|a 136465
|
| 100 |
|
|
|a 20080423d2007 km y0rusy50 ca
|
| 101 |
0 |
|
|a rus
|
| 102 |
|
|
|a RU
|
| 105 |
|
|
|a a z 010zy
|
| 200 |
1 |
|
|a Свобода. Неравенство. Братство. Социологический портрет современной России
|f Российская академия наук (РАН), Институт социологии (ИС) ; под ред. М. К. Горшкова
|
| 210 |
|
|
|a Москва
|c Российская газета
|d 2007
|
| 215 |
|
|
|a 445 с.
|c ил.
|
| 300 |
|
|
|a К 40-летию Института социологии Российской академии наук.
|
| 330 |
|
|
|a В книге представлены материалы совместного проекта Института социологии РАН и «Российской газеты», показывающего, как изменилось российское общество за годы реформ. На основе результатов общенациональных исследований впервые дается всесторонний анализ социальных неравенств в различных областях жизни, глубокой социальной дифференциации населения, рассматриваются противоречивые процессы реформирования социальной среды. В данном контексте важное внимание уделяется состоянию пенсионного обеспечения, формированию здоровья нации, доступу к качественному образованию. Предмет специального анализа — радикальные изменения социальной структуры общества, проблемы формирования и развития российского среднего класса, динамика социальной адаптации и социального самочувствия россиян, их приобретения и потери за последнее пятнадцатилетие. В книге содержатся итоги социологических исследований сущности и образа бюрократии, особенностей ее положения в пореформенной России, отношения населения к политическому экстремизму и терроризму, динамики ценностного сознания молодежи, ее образовательных и профессиональных предпочтений, мировоззренческих ориентации. Книга адресована широкому кругу читателей — исследователям в области социологии, политологии, социальной психологии, преподавателям, аспирантам, студентам, специалистам, принимающим управленческие решения, широкой общественности.
|
| 606 |
1 |
|
|a Россия
|x Социология
|2 stltpush
|3 (RuTPU)RU\TPU\subj\73338
|9 86370
|
| 610 |
1 |
|
|a социология
|
| 610 |
1 |
|
|a общество
|
| 610 |
1 |
|
|a общественное развитие
|
| 610 |
1 |
|
|a Россия
|
| 610 |
1 |
|
|a Российская Федерация
|
| 610 |
1 |
|
|a свобода
|
| 610 |
1 |
|
|a неравенство
|
| 610 |
1 |
|
|a братство
|
| 610 |
1 |
|
|a 20 век
|
| 610 |
1 |
|
|a 21 век
|
| 610 |
1 |
|
|a реформы
|
| 610 |
1 |
|
|a власть
|
| 610 |
1 |
|
|a пенсии
|
| 610 |
1 |
|
|a толерантность
|
| 610 |
1 |
|
|a здоровье
|
| 610 |
1 |
|
|a дети
|
| 610 |
1 |
|
|a перестройка
|
| 610 |
1 |
|
|a политология
|
| 610 |
1 |
|
|a психология
|
| 686 |
|
|
|a С59(2)
|v LBC/SL-A
|2 rubbk
|
| 702 |
|
1 |
|a Горшков
|b М. К.
|g Михаил Константинович
|4 340
|
| 712 |
0 |
2 |
|a Российская академия наук (РАН)
|b Институт социологии (ИС)
|c (Москва)
|2 stltpush
|3 (RuTPU)RU\TPU\col\11828
|
| 801 |
|
1 |
|a RU
|b 63413507
|c 20080423
|g PSBO
|
| 801 |
|
2 |
|a RU
|b 63413507
|c 20140605
|g PSBO
|
| 942 |
|
|
|c BK
|
| 959 |
|
|
|a 46/20080422
|d 1
|e 534,71
|f ЧЗГЛ:1
|